Analýza konštrukcií pomocou MKP a overenie pomocou experimentov
Guardado en:
| Autor principal: | |
|---|---|
| Otros Autores: | |
| Formato: | Manuscrito Libro |
| Lenguaje: | eslovaco |
| Publicado: |
2023
|
| Materias: | |
| Acceso en línea: | http://is.stuba.sk/zp/portal_zp.pl?podrobnosti=161838 https://opac.crzp.sk/?fn=detailBiblioForm&sid=5F1CDE603F7696E938FC9D6C99BA |
| Etiquetas: |
Sin Etiquetas, Sea el primero en etiquetar este registro!
|
MARC
| LEADER | 00000ntm a22000003a 4500 | ||
|---|---|---|---|
| 001 | stuzp93793 | ||
| 003 | SK-STU | ||
| 005 | 20230925093226.0 | ||
| 007 | ta | ||
| 008 | 150427s2015----xo-----f-mn---000-0-slo-d | ||
| 040 | |a STU |b slo | ||
| 041 | 0 | |a slo | |
| 100 | 1 | |a Vajašová, Rebecca |u 010250 |4 aut |U SvF Stavebná fakulta |T SvF Katedra stavebnej mechaniky |X 110104 |U V250 |Y 26 |7 110104 | |
| 242 | 0 | 1 | |a Analysis of structures using FEM and verification using experiments |y eng |
| 245 | 1 | 0 | |a Analýza konštrukcií pomocou MKP a overenie pomocou experimentov |
| 260 | |c 2023 | ||
| 650 | 4 | |a MKP |2 slo | |
| 650 | 4 | |a deformácie |2 slo | |
| 650 | 4 | |a experiment |2 slo | |
| 650 | 4 | |a deformations |2 eng | |
| 650 | 4 | |a experiment |2 eng | |
| 650 | 4 | |a FEM |2 eng | |
| 700 | 1 | |a Lamperová, Katarína |u 010250 |k Z8 |4 ths |U SvF Stavebná fakulta |T SvF Katedra stavebnej mechaniky |X 7460 |U V250 |Y 26 |7 A000007460 | |
| 856 | 4 | |u http://is.stuba.sk/zp/portal_zp.pl?podrobnosti=161838 | |
| 856 | 4 | |u https://opac.crzp.sk/?fn=detailBiblioForm&sid=5F1CDE603F7696E938FC9D6C99BA | |